000 00337nam a22001337a 4500
008 170925b xxu||||| |||| 00| 0 eng d
020 _a9780205462162
041 _aeng
080 _23 ED
_a37
100 _a37
101 _aEDU
245 _aPERSUASION SOCIAL INFLUENCE AND COMPLIANCE GAINING
_cGASS.R.H
942 _2udc
_cBK
999 _c29602
_d29602